| 000 | 00495nam a2200157 i 4500 | ||
|---|---|---|---|
| 001 | 35813 | ||
| 003 | ES-MaACL | ||
| 007 | t| | ||
| 008 | 030214s1944 sp ||||1| spa d | ||
| 100 | 1 |
_aBoulenger, Jacques. _930912 |
|
| 245 | 1 | 4 |
_aLos dandys / _cJacques Boulenger ; versión castellana de Santiago Magariños. |
| 260 |
_aMadrid : _bEdiciones Aspas, _c1944 ( _fJosé Ruiz Alonso) |
||
| 300 |
_a349 p. ; _c22 cm. |
||
| 700 | 1 |
_aMagariños, Santiago. _975453 |
|
| 852 |
_aES-MaACL _jG-3630 _bR.20522 |
||
| 999 |
_c35813 _d35813 |
||